Annual report of the executive directors for the fiscal year anded april 30, 1970

Salvato in:
Dettagli Bibliografici
Natura: Libro
Lingua:inglese
Pubblicazione: Washington International Monetary Fund 1970
Tags: Aggiungi Tag
Nessun Tag, puoi essere il primo ad aggiungerne!!

MARC

LEADER 00000nam$a2200000$$$4500
001 0005087
005 20221207064519.3
041 0 |a eng 
044 |a US 
245 1 0 |a Annual report of the executive directors for the fiscal year anded april 30, 1970 
264 1 |a Washington  |b International Monetary Fund  |c 1970 
300 |a 215 s.